|
|
|
|
| LEADER |
00000cam a22000004a 4500 |
| 001 |
musev2_84658 |
| 003 |
MdBmJHUP |
| 005 |
20230905052715.0 |
| 006 |
m o d |
| 007 |
cr||||||||nn|n |
| 008 |
210128s2021 nbu o 00 0 eng d |
| 010 |
|
|
|z 2020047077
|
| 020 |
|
|
|a 9781496227331
|
| 020 |
|
|
|z 9781496221957
|
| 035 |
|
|
|a (OCoLC)1257549205
|
| 040 |
|
|
|a MdBmJHUP
|c MdBmJHUP
|
| 100 |
1 |
|
|a Ardoin, Paul,
|e author.
|
| 245 |
1 |
0 |
|a Not a Big Deal :
|b Narrating to Unsettle /
|c Paul Ardoin.
|
| 264 |
|
1 |
|a Lincoln :
|b University of Nebraska Press,
|c 2021.
|
| 264 |
|
3 |
|a Baltimore, Md. :
|b Project MUSE,
|c 2021
|
| 264 |
|
4 |
|c ©2021.
|
| 300 |
|
|
|a 1 online resource (342 pages).
|
| 336 |
|
|
|a text
|b txt
|2 rdacontent
|
| 337 |
|
|
|a computer
|b c
|2 rdamedia
|
| 338 |
|
|
|a online resource
|b cr
|2 rdacarrier
|
| 490 |
0 |
|
|a Frontiers of narrative
|
| 505 |
0 |
|
|a Introduction: Alternative Facts and Bad Stories -- Settled and Unsettled Perception. Seeing and Settled Seeing -- Not Unfamiliar : Obligations to Unsettle Sight -- Not Showing and Not Seeing Race -- Narrating to Unsettle. Case Studies in Unsettling Narration -- Conclusion: Dramas of Cognition.
|
| 520 |
|
|
|a "Paul Ardoin asks how texts might work to unsettle readers at a moment when unwelcome information is rejected as fake news or rebutted with alternative facts"--
|c Provided by publisher.
|
| 588 |
|
|
|a Description based on print version record.
|
| 650 |
|
7 |
|a Truthfulness and falsehood.
|2 fast
|0 (OCoLC)fst01158255
|
| 650 |
|
7 |
|a Narration (Rhetoric)
|x Social aspects.
|2 fast
|0 (OCoLC)fst01032932
|
| 650 |
|
7 |
|a Narration (Rhetoric)
|x Psychological aspects.
|2 fast
|0 (OCoLC)fst01032930
|
| 650 |
|
7 |
|a Narration (Rhetoric)
|x Moral and ethical aspects.
|2 fast
|0 (OCoLC)fst01032928
|
| 650 |
|
7 |
|a Narration (Rhetoric)
|2 fast
|0 (OCoLC)fst01032927
|
| 650 |
|
7 |
|a Discourse analysis, Narrative.
|2 fast
|0 (OCoLC)fst00894947
|
| 650 |
|
7 |
|a LANGUAGE ARTS & DISCIPLINES / Linguistics.
|2 bisacsh
|
| 650 |
|
0 |
|a Truthfulness and falsehood.
|
| 650 |
|
0 |
|a Narration (Rhetoric)
|x Moral and ethical aspects.
|
| 650 |
|
0 |
|a Narration (Rhetoric)
|x Social aspects.
|
| 650 |
|
0 |
|a Narration (Rhetoric)
|x Psychological aspects.
|
| 650 |
|
0 |
|a Discourse analysis, Narrative.
|
| 650 |
|
0 |
|a Narration (Rhetoric)
|
| 655 |
|
7 |
|a Electronic books.
|2 local
|
| 710 |
2 |
|
|a Project Muse.
|e distributor
|
| 830 |
|
0 |
|a Book collections on Project MUSE.
|
| 856 |
4 |
0 |
|z Texto completo
|u https://projectmuse.uam.elogim.com/book/84658/
|
| 945 |
|
|
|a Project MUSE - Custom Collection
|
| 945 |
|
|
|a Project MUSE - 2021 Complete
|
| 945 |
|
|
|a Project MUSE - 2021 Language and Linguistics
|